000
00323nam a22001457a 4500
008
210303b ||||| |||| 00| 0 eng d
020
_a
0716715643
041
_a
eng
080
_a
902
082
_a
902
100
_a
45
101
_a
ARKEO
245
_a
Fossils and the History of Life
_c
Simpson, G. G
942
_2
udc
_c
BK
999
_c
55667
_d
55667